Etude sur la nationalite de la femme etrangere qui epouse un sujet ottoman /

Saved in:

Main Author: Tawil, Alfred (Author)

Format: Book

Language: French

Subjects:

Tags: Add Tag

No Tags, Be the first to tag this record!

Call Number: ( P )JX64 .I57 1912

LEADER 01059namaa2200301 4500
001 17982
003 OSt
005 20201117085541.0
008 130303s1912 ua g b 000 0 fre d
952 |0 0  |1 0  |2 lcc  |4 0  |7 1  |9 7671  |a ARCE  |b ARCE  |d 2020-11-17  |l 0  |o ( P )JX64 .I57 1912  |p 1026942  |r 2020-11-17 00:00:00  |w 2020-11-17  |y BK 
999 |c 15784  |d 15784 
040 |c ARCE Library 
043 |a a-tu--- 
050 0 4 |a ( P )JX64 .I57 1912 
100 1 |a Tawil, Alfred,  |e author 
245 1 0 |a Etude sur la nationalite de la femme etrangere qui epouse un sujet ottoman /  |c par Alfred Tawil. 
264 1 |a Le Caire :  |b [Librairie centrale Delbourgo & Co],  |c 1912. 
300 |a 46 pages ;  |c 25 cm. 
336 |a text  |b txt  |2 rdacontent 
337 |a unmediated  |b n  |2 rdamedia 
338 |a volume  |b nc  |2 rdacarrier 
504 |a Bibliography : page 47. 
650 0 |a Married women  |x Nationality. 
650 0 |a Married women  |x Legal status, laws, etc.  |z Turkey. 
650 0 |a Citizenship  |z Turkey. 
650 0 |a Conflict of laws  |x Married women  |z Turkey. 
901 |a reviewed 
942 |c BK  |2 lcc